II. Rákóczi Ferencz [Ferenc!] utasitása [utasítása] a máramarosi jószágigazgató részére

Elmentve itt :
Bibliográfiai részletek
Szerzők: Rákóczi Ferenc
A. E.
Dokumentumtípus: Cikk
Megjelent: 1897
Sorozat:Magyar gazdaságtörténelmi szemle 4
Kulcsszavak:Közgazdaságtudomány, Gazdaságtörténet
Online Access:http://misc.bibl.u-szeged.hu/170
LEADER 00699nab a2200181 i 4500
001 misc170
005 20191106144232.0
008 170607s1897 hu o 0|| hun d
040 |a SZTE Miscellanea Repozitórium  |b hun 
041 |a hun 
100 1 |a Rákóczi Ferenc 
245 1 0 |a II. Rákóczi Ferencz [Ferenc!] utasitása [utasítása] a máramarosi jószágigazgató részére  |h [elektronikus dokumentum] /  |c Erdély : f Rákóczi Ferenc 
260 |c 1897 
300 |a 69-78 
490 0 |a Magyar gazdaságtörténelmi szemle  |v 4 
695 |a Közgazdaságtudomány, Gazdaságtörténet 
700 0 1 |a A. E.  |e aut 
856 4 0 |u http://misc.bibl.u-szeged.hu/170/1/gazd_tort_szeml_1897_069-078.pdf  |z Dokumentum-elérés